000 01447nam0a22002771 4500
001 rc\2813332
005 20250806210901.0
035 _a(NLR Aleph) 006939139
090 _a38765
_c38765
100 _a20110915d1945 u y0rusy50 ca
101 0 _arus
102 _aRU
105 _aa z |||||
200 1 _aАмериканские технические условия на железобетон
_f[Разработ. Амер. ин-том бетона]
210 _a[Москва]
_cСтройиздат
_c[Центр. б-ка строит. проектов Наркомстроя]
_d1945
_gфотолитогр. ЦБСП
215 _aIV, 63 с., включ. [1] с. обл., 1 л. табл., без тит. л.
_d30 см.
225 1 _aИз опыта строительства США. Серия В-100В
_fНар. ком. по строит-ву СССР. Главстройпроект. Контора тип. проектирования и техн. исследований "КТИС". ЦБСП
_v№ 4910
300 _aЛитогр. изд.
712 0 2 _aВсесоюзная контора типового проектирования и технических исследований
_3RU\NLR\AUTH\8810177534
801 0 _aRU
_bNLR
_gpsbo
801 1 _aRU
_bELAR
_2rusmarc
852 _aNLR
_jПт02 Г-8/16
942 _cBOOK
945 _aРоссийская национальная библиотека
980 _aNB
980 _aBV